Регионална библиотека "Любен Каравелов" - Русе

Съчинения в проза (Запис номер 105135)

MARC детайли
000 -Лидер
Контролно поле с фиксирана дължина 01328nam a2200325 c 4500
003 - Код на организацията, давaща контролен номер
Контролно поле BLK
005 - Дата и час на последна редакция
Контролно поле 20180422105635.0
008 - Елементи от данни с фиксирана дължина
fixed length control field 180409b bul|||||r ||||||| ||bul||
010 ## - Наследен системен номер
LC control number KNG00110256000
020 ## - Международен стандартен номер на книга ISBN
Международен стандартен номер на книга ISBN 954-739-307-3
-- издат.: Захарий Стоянов
040 ## - Източник на каталожния запис
Идентификатор на билиотеката - собственик на записа BLK
041 ## - Код за език
Код за езика на текст/звукозапис или на отделно заглавие Български
Код за езика КДБФ Български
080 ## - УДК
Текстов определител УДК Австрийска литература
УДК код - определител по УДК 821.112(436)
УДК определител -3
УДК - код + определител 821.112(436)-3
100 1# - Редна дума - Автор
Автор Хофманстал, Хуго фон
Авторска отговорност първи автор
R(LIN) 137672
139 ## - Редно поле
Редна дума Хофманстал, Хуго фон
Авторски знак Хоф - Х 71
245 10 - Сведения за заглавието
Заглавие Съчинения в проза
Редно поле (дума) Хуго фон Хофманстал; състав. Иво Милев.
257 ## - Страна на издаване
Страна на създаване/издаване Австрия
260 ## - Област на издателските данни
-- София
Име на издателя, разпространителя и проч. Захарий Стоянов
Година на издаване 2002
Печатница София : Агенция Вила
300 ## - Физическа характеристика
Страници 256 с.
Илюстрации и др. с ил., портр., факс.
Размери/Мащаб 19 см
380 ## - Жанр
Жанр Худож. лит.
490 1# - СЕРИИ (Колекции)
Име на серия Австрийска библиотека
490 1# - СЕРИИ (Колекции)
-- Подсерия
Име на серия Поредица Проза
№: серия 1
500 ## - Общи забележки
Забележка Съдържа и Хуго фон Хофманстал / Николай Лилиев ; Живот в дати
700 1# - Други автори (авторска отговорност)
Лично име Милев, Иво
Автороска отговорност (Описва отношението между автора и произведението) състав.
9 (RLIN) 375180
852 ## - Местоположение
Форматна сигнатура Цб 217555
856 4# - Електронен адрес и достъп
Електронен формат pdf - файл
Път до файла /url/
856 4# - Електронен адрес и достъп
Електронен формат pdf - файл
Път до файла /url/
942 ## - АРТИКУЛИ
Вид на библиотечния материал Книги
Скрит в OPAC Не
944 ## - СЪЗДАВАНЕ И РЕДАКЦИЯ на ЗАПИСА
Създаване/Редакция Създаване
Дата на регистрацията/редакция 16.01.2004
Служител, извършил регистрацията/редакцията Цветанка_Енчева
944 ## - СЪЗДАВАНЕ И РЕДАКЦИЯ на ЗАПИСА
Създаване/Редакция Редакция
Дата на регистрацията/редакция 18.02.2004
Служител, извършил регистрацията/редакцията
999 ## - СИСТЕМНИ КОНТРОЛНИ НОМЕРА
Koha biblionumber 105135
Koha biblioitemnumber 105135
Наличности
Код за отписване Код за изгубен артикул Код за повреда Коз за рестрикции Код за отдаване Артикулен № Име на библиотеката - собственик Име на библиотеката, в която се намира в момента Статус (Текущо местоположение) Дата на вписване в системата Местоположение - отдел Цена в лева Инвентарен номер Систематично азбучна сигнатура Баркод Номер на екземпляра Цена в евро Служебна бележка Служебен тип на артикула
  Не е изгубен Не е повреден без рестрикции ползва се в читалня 169833 Регионална библиотека "Любен Каравелов" Русе Регионална библиотека "Любен Каравелов" Русе Хранилище 2004-01-16 Хранилище 0.00 120000681854 Цб 217555 120000681854 1 0.00 Дост: Dp Вид: Д N: 5 Дата: 15.01.2003 Книги
Vip Innovations Ltd, Rousse, Bulgaria 2025